Anagrammes - Dieux et déesses grecs - Statistiques

Statistiques générales
  • Ce quiz a été pris 80 fois
  • Le résultat moyen est 11 sur 14
Statistiques - réponses
Anagramme Réponse % Correct
suze Zeus
100%
sdahe Hadès
96%
reah Héra
94%
srea Arès
93%
dysisono Dionysos
93%
deinoops Poséidon
90%
resmeh Hermès
88%
thanae Athéna
84%
lonlaop Apollon
78%
mdeerte Déméter
76%
ssaheihpto Héphaïstos
73%
datpehrio Aphrodite
66%
tmasrie Artémis
54%
shiaet Hestia
42%
Aucun quiz correspondant
Distribution des résultats
% des personnes avec chaque résultat
Percentile par nombre de réponses
Votre historique - résultats
Vous n’avez pas pris ce quiz